[Event "TUR-chT 2nd League"]
[Site "Konya"]
[Date "2017.07.23"]
[Round "9.5"]
[White "Kabuk, Erdem"]
[Black "Koksal, Recep"]
[Result "1/2-1/2"]
[WhiteElo "1710"]
[BlackElo "1736"]
[PlyCount "108"]
[EventDate "2017.07.17"]
[EventType "team-swiss"]
[EventRounds "9"]
[EventCountry "TUR"]
[SourceTitle "EXT 2018"]
[Source "ChessBase"]
[SourceDate "2017.10.13"]
[SourceVersion "1"]
[SourceVersionDate "2017.10.13"]
[SourceQuality "1"]
[WhiteTeam "Genc Efe Izcilik"]
[BlackTeam "Samsun Gercek"]
[WhiteTeamCountry "TUR"]
[BlackTeamCountry "TUR"]

1. e4 e5 2. Nf3 Nc6 3. Bc4 Bc5 4. 0-0 Nf6 5. d4 Bxd4 6. Nxd4 Nxd4 7. f4 d6 8. fxe5 dxe5 9. Bg5 Be6 10. Na3 Qe7 11. c3 Bxc4 12. Bxf6 gxf6 13. Nxc4 Ne6 14. Qf3 0-0-0 15. Ne3 Qc5 16. Kh1 Rd3 17. Qxf6 Rhd8 18. Nd5 c6 19. Qxf7 cxd5 20. Qxe6+ Kb8 21. Qxe5+ Ka8 22. Rad1 Qf2 23. h3 Qe2 24. Qf6 Re8 25. Qf8 Rb8 26. Rxd3 Qxd3 27. Qf3 Qd2 28. exd5 a6 29. Rf2 Qe1+ 30. Rf1 Qd2 31. c4 Qxb2 32. Qb3 Qg7 33. Rb1 Re8 34. Qc2 Qg3 35. Qf5 Rg8 36. Qf3 Qd6 37. Qf7 Rb8 38. Qe6 Qa3 39. Re1 Qxa2 40. c5 Qc4 41. c6 bxc6 42. dxc6 Qxe6 43. Rxe6 Rc8 44. Re7 Rh8 45. Kg1 h5 46. Kf2 h4 47. Ke3 Rg8 48. Rd7 Kb8 49. Rb7+ Kc8 50. Kd4 Rxg2 51. Kc5 Rg3 52. Kb6 Rxh3 53. Rh7 Rb3+ 54. Ka7 h3 1/2-1/2